| 000 | 00640nam a2200181 4500 | ||
|---|---|---|---|
| 001 | 143325 | ||
| 003 | ES-MaACL | ||
| 005 | 20230906200800.0 | ||
| 007 | t| | ||
| 008 | 070214s1935 sp r ||||1| spa d | ||
| 100 | 1 |
_aSerrano Albillos, Marcelino F. _9105726 |
|
| 245 | 1 | 3 |
_aLa asistencia social a los delincuentes / _cpor Marcelino F. Serrano Albillos ; prólogo de D. Luis Jiménez de Asúa. |
| 260 |
_aSegovia : _b[s. n.], _c1935 ( _fImp. de `El Adelantado`) |
||
| 300 |
_a222 p., 1 lám. = retr. aut. ; _c20 cm. |
||
| 700 | 1 |
_aJiménez de Asúa, Luis, _d1889-1970 _966491 |
|
| 852 |
_aES-MaACL _jA-4002 |
||
| 999 |
_c143325 _d143325 |
||